[Event "NZL-ch Rapid 131st"]
[Site "Palmerston North"]
[Date "2024.01.11"]
[Round "1.6"]
[White "Yu, Weiyang"]
[Black "Croad, Nicholas"]
[Result "0-1"]
[WhiteElo "1551"]
[BlackElo "2171"]
[PlyCount "42"]
[EventDate "2024.01.11"]
[EventType "swiss (rapid)"]
[EventRounds "9"]
[EventCountry "NZL"]
[SourceTitle "CBM 218 Extra"]
[Source "ChessBase"]
[SourceDate "2024.03.31"]
[SourceVersion "1"]
[SourceVersionDate "2024.03.31"]
[SourceQuality "1"]

1. e4 e5 2. Nf3 Nc6 3. Nc3 Nf6 4. d4 exd4 5. Nxd4 Bc5 6. Be3 Bb6 7. Be2 0-0 8. 0-0 Re8 9. Nxc6 bxc6 10. Bxb6 axb6 11. Bd3 d6 12. h3 Ra5 13. Qf3 Rg5 14. Rfe1 Nh5 15. a4 Ree5 16. Kh1 Rg6 17. Ne2 Qh4 18. Qe3 Reg5 19. Rg1 Nf6 20. Raf1 Rh6 21. f4 Bxh3 0-1

[Event "Auckland Trusts op 45th"]
[Site "Auckland"]
[Date "2023.06.05"]
[Round "5"]
[White "Lewis, Jordan1"]
[Black "Yu, Weiyang"]
[Result "1-0"]
[WhiteElo "1575"]
[BlackElo "1515"]
[PlyCount "55"]
[EventDate "2023.06.03"]
[EventType "swiss"]
[EventRounds "6"]
[EventCountry "NZL"]
[SourceTitle "EXT 2024"]
[Source "ChessBase"]
[SourceDate "2023.10.10"]
[SourceVersion "1"]
[SourceVersionDate "2023.10.10"]
[SourceQuality "1"]

1. e4 c5 2. Nf3 e6 3. d4 cxd4 4. Nxd4 Nc6 5. c4 a6 6. Nxc6 dxc6 7. Qc2 b5 8. Be2 Bd7 9. c5 Nf6 10. 0-0 Qc7 11. f4 h5 12. Nd2 Ng4 13. Nb3 a5 14. a4 g5 15. h3 Nf6 16. fxg5 Nh7 17. Qc3 Rg8 18. Bf4 Qd8 19. h4 Bg7 20. Qf3 e5 21. Bxe5 Be6 22. Bxg7 Rxg7 23. Rad1 Qe7 24. Qc3 Bxb3 25. Qxg7 Bxd1 26. Bxd1 Nf8 27. Bxh5 Ra7 28. Rf5 1-0

[Event "Auckland Trusts op 45th"]
[Site "Auckland"]
[Date "2023.06.04"]
[Round "4"]
[White "Yu, Weiyang"]
[Black "Thurner, Anya"]
[Result "1/2-1/2"]
[WhiteElo "1515"]
[BlackElo "1697"]
[PlyCount "49"]
[EventDate "2023.06.03"]
[EventType "swiss"]
[EventRounds "6"]
[EventCountry "NZL"]
[SourceTitle "EXT 2024"]
[Source "ChessBase"]
[SourceDate "2023.10.10"]
[SourceVersion "1"]
[SourceVersionDate "2023.10.10"]
[SourceQuality "1"]

1. e4 e5 2. Nf3 Nc6 3. Nc3 Nf6 4. d4 exd4 5. Nxd4 Bc5 6. Nxc6 bxc6 7. Be2 d6 8. 0-0 0-0 9. h3 h6 10. Bd3 Bb7 11. Bf4 Re8 12. Re1 Nd7 13. Be3 Qf6 14. Qg4 Ne5 15. Qf4 Qxf4 16. Bxf4 Bb6 17. Bf1 Rad8 18. a4 a5 19. Be3 Nd7 20. Rad1 Nc5 21. Bd3 Nd7 22. Bc4 Nc5 23. Bd3 Nd7 24. Bc4 Nc5 25. Bd3 1/2-1/2

[Event "Auckland Trusts op 45th"]
[Site "Auckland"]
[Date "2023.06.03"]
[Round "1"]
[White "Zhang, Kendrick Botong"]
[Black "Yu, Weiyang"]
[Result "1-0"]
[WhiteElo "1791"]
[BlackElo "1515"]
[PlyCount "97"]
[EventDate "2023.06.03"]
[EventType "swiss"]
[EventRounds "6"]
[EventCountry "NZL"]
[SourceTitle "EXT 2024"]
[Source "ChessBase"]
[SourceDate "2023.10.10"]
[SourceVersion "1"]
[SourceVersionDate "2023.10.10"]
[SourceQuality "1"]

1. e4 c5 2. Nf3 e6 3. d4 cxd4 4. Nxd4 Nc6 5. Nc3 Qc7 6. Be3 a6 7. Qd2 Nf6 8. 0-0-0 Bb4 9. f3 b5 10. Nb3 Na5 11. Nxa5 Bxa5 12. Kb1 Bxc3 13. bxc3 d5 14. Bd4 e5 15. Qg5 exd4 16. Qxg7 Rg8 17. Qxf6 dxc3 18. exd5 Qc5 19. Rd4 Qa3 20. Re4+ Kf8 21. Qd8+ Kg7 22. Qg5+ Kf8 23. Qh6+ Rg7 24. Qc1 Qxc1+ 25. Kxc1 Bb7 26. Rd4 Re8 27. Kd1 Rd8 28. d6 Rg6 29. d7 Bc6 30. Ke1 Rxd7 31. Rxd7 Bxd7 32. g4 Bc6 33. Bd3 Re6+ 34. Kf2 Rf6 35. Bf5 Bd5 36. a3 a5 37. Rb1 Bc6 38. Rb3 Rh6 39. Kg3 Bd5 40. Rxb5 Be6 41. Be4 Bc4 42. Rxa5 Rd6 43. Rc5 Bf1 44. Rxc3 Rd2 45. h4 h5 46. gxh5 Rg2+ 47. Kf4 Rh2 48. Kg5 Rg2+ 49. Kf6 1-0

[Event "Wellington op"]
[Site "Wellington"]
[Date "2023.04.09"]
[Round "5"]
[White "Sun, Wanyao Sarah"]
[Black "Yu, Weiyang"]
[Result "1-0"]
[WhiteElo "1555"]
[BlackElo "1580"]
[PlyCount "139"]
[EventDate "2023.04.07"]
[EventType "swiss"]
[EventRounds "6"]
[EventCountry "NZL"]
[SourceTitle "EXT 2025"]
[Source "ChessBase"]
[SourceDate "2024.10.14"]
[SourceVersion "1"]
[SourceVersionDate "2024.10.14"]
[SourceQuality "1"]

1. e4 c5 2. Nf3 e6 3. d4 cxd4 4. Nxd4 a6 5. Nc3 b5 6. a3 Bb7 7. Bd3 Qc7 8. 0-0 Bd6 9. h3 Nc6 10. Nxc6 Bxc6 11. Be3 h5 12. f4 Qb7 13. Bxb5 Be7 14. Bxc6 Qxc6 15. f5 Bd6 16. Qd3 Qc7 17. Rad1 Bh2+ 18. Kh1 Nf6 19. Qd2 Be5 20. Bd4 Ke7 21. Bxe5 Qxe5 22. Qf4 Qxf4 23. Rxf4 e5 24. Rf2 Rac8 25. Rfd2 Rc4 26. Nd5+ Nxd5 27. Rxd5 Rxe4 28. Rxd7+ Kf6 29. R1d6+ Kxf5 30. Rxf7+ Kg5 31. Rxg7+ Kf4 32. Rf7+ Kg5 33. Rxa6 Re2 34. Rc6 Rg8 35. Kg1 Kh4 36. Rc4+ e4 37. Rf4+ Kg3 38. Rcxe4 Rxg2+ 39. Kf1 Rxc2 40. Rb4 Rxb2 41. Rxb2 Kxf4 42. Rb3 Ra8 43. Ke2 Ra5 44. Kd2 Rf5 45. a4 Ra5 46. Ra3 Ke4 47. Kc3 Ra8 48. a5 Kd5 49. Kd3 Kc6 50. Ke4 Kb7 51. Kf5 h4 52. Kg5 Rh8 53. Ra4 Ka6 54. Rxh4 Rg8+ 55. Kf6 Kxa5 56. Rg4 Rb8 57. h4 Rb6+ 58. Kg7 Rb7+ 59. Kh6 Ka6 60. Rg7 Rb8 61. h5 Kb5 62. Kh7 Kc6 63. h6 Kd5 64. Kg6 Rb6+ 65. Kg5 Rb1 66. h7 Rg1+ 67. Kf6 Rf1+ 68. Kg6 Rg1+ 69. Kf7 Rf1+ 70. Kg8 1-0

[Event "Wellington op"]
[Site "Wellington"]
[Date "2023.04.09"]
[Round "6"]
[White "Yu, Weiyang"]
[Black "Jones, Christopher"]
[Result "1-0"]
[WhiteElo "1580"]
[BlackElo "1140"]
[PlyCount "81"]
[EventDate "2023.04.07"]
[EventType "swiss"]
[EventRounds "6"]
[EventCountry "NZL"]
[SourceTitle "EXT 2025"]
[Source "ChessBase"]
[SourceDate "2024.10.14"]
[SourceVersion "1"]
[SourceVersionDate "2024.10.14"]
[SourceQuality "1"]

1. e4 e5 2. Nf3 Nc6 3. Nc3 Nf6 4. d4 exd4 5. Nxd4 d5 6. exd5 Nxd5 7. Nxd5 Qxd5 8. Nxc6 Qxc6 9. Be3 Bd6 10. Qd2 0-0 11. 0-0-0 Be6 12. Kb1 Rfd8 13. Qc1 a5 14. Bd4 a4 15. Qg5 Bf8 16. Rd2 Bxa2+ 17. Kxa2 Qe6+ 18. c4 c5 19. Bxg7 Bxg7 20. Rxd8+ Rxd8 21. Qxd8+ Bf8 22. Qg5+ Bg7 23. Bd3 Qb6 24. Bxh7+ Kxh7 25. Qf5+ Kg8 26. Qc2 Qf6 27. Re1 Qh4 28. Qd3 Qxf2 29. Re8+ Bf8 30. Qg3+ Qxg3 31. hxg3 Kg7 32. Rxf8 Kxf8 33. Ka3 Ke7 34. Kxa4 Kd6 35. Kb5 Kc7 36. Kxc5 f6 37. g4 b6+ 38. Kb5 Kb7 39. c5 bxc5 40. Kxc5 Kc7 41. b4 1-0

[Event "Wellington op"]
[Site "Wellington"]
[Date "2023.04.08"]
[Round "4"]
[White "Yu, Weiyang"]
[Black "Ning, Isabelle Yixuan"]
[Result "0-1"]
[WhiteElo "1580"]
[BlackElo "1916"]
[PlyCount "150"]
[EventDate "2023.04.07"]
[EventType "swiss"]
[EventRounds "6"]
[EventCountry "NZL"]
[SourceTitle "EXT 2025"]
[Source "ChessBase"]
[SourceDate "2024.10.14"]
[SourceVersion "1"]
[SourceVersionDate "2024.10.14"]
[SourceQuality "1"]

1. d4 Nf6 2. Bf4 e6 3. Nf3 b6 4. e3 Bb7 5. Nbd2 Be7 6. c3 0-0 7. Bd3 d6 8. h3 Nbd7 9. Bc2 Ba6 10. c4 d5 11. b3 dxc4 12. bxc4 c5 13. g4 cxd4 14. exd4 Bb4 15. 0-0 Rc8 16. Bb3 Nb8 17. Be3 Nc6 18. Rc1 Qe7 19. Ne5 Nxe5 20. dxe5 Nd7 21. f4 Nc5 22. Nf3 Rfd8 23. Qc2 Bb7 24. Ng5 g6 25. Rcd1 h6 26. Nf3 Be4 27. Qg2 Qb7 28. Bc2 Rxd1 29. Bxd1 Rd8 30. Bc2 Nd3 31. Qg3 Bxf3 32. Qxf3 Qxf3 33. Rxf3 Ne1 34. Rf2 Nxc2 35. Rxc2 Bc5 36. Rc3 Rd1+ 37. Kg2 Bxe3 38. Rxe3 Rd2+ 39. Kg3 Rxa2 40. Rc3 Ra5 41. Rb3 Kf8 42. Kf3 Ke7 43. Ke4 Kd7 44. f5 gxf5+ 45. gxf5 Ra4 46. fxe6+ Kxe6 47. Kd4 Ra5 48. Re3 Rc5 49. Ra3 a5 50. Rb3 Rc6 51. Rf3 Ke7 52. Rb3 f6 53. exf6+ Kxf6 54. Kd5 Re6 55. Rf3+ Ke7 56. c5 bxc5 57. Kxc5 Re5+ 58. Kb6 a4 59. Ra3 Re4 60. Kc5 Ke6 61. Rf3 Ke5 62. Ra3 h5 63. Rd3 Kf4 64. Ra3 h4 65. Kd5 Re3 66. Rxa4+ Kg3 67. Re4 Rd3+ 68. Ke5 Kxh3 69. Kf4 Kg2 70. Kg4 h3 71. Ra4 Rd2 72. Ra3 h2 73. Rg3+ Kf2 74. Rf3+ Kg1 75. Rg3+ Rg2 0-1

[Event "NZL-ch rapid op 130th"]
[Site "Wellington"]
[Date "2023.01.05"]
[Round "5"]
[White "Dive, Russell John"]
[Black "Yu, Weiyang"]
[Result "1-0"]
[WhiteElo "2232"]
[BlackElo "1615"]
[PlyCount "55"]
[EventDate "2023.01.04"]
[EventType "swiss (rapid)"]
[EventRounds "9"]
[EventCountry "NZL"]
[SourceTitle "CBM 212 Extra"]
[Source "ChessBase"]
[SourceDate "2023.03.31"]
[SourceVersion "1"]
[SourceVersionDate "2023.03.31"]
[SourceQuality "1"]

1. Nf3 d5 2. c4 e6 3. g3 a6 4. b3 c5 5. cxd5 exd5 6. Bg2 Nf6 7. 0-0 Be7 8. d4 b6 9. Ne5 Bb7 10. Nc3 Nbd7 11. Bf4 Ra7 12. e3 0-0 13. Rc1 cxd4 14. exd4 Ne4 15. Nxe4 dxe4 16. Qe2 Nf6 17. Rfd1 h6 18. d5 Ba3 19. Rc2 g5 20. Nc6 Bxc6 21. dxc6 Qc8 22. Be5 Ne8 23. Bxe4 Nc7 24. Rd7 Rd8 25. Bf5 Rxd7 26. cxd7 Qd8 27. Bxc7 Rxc7 28. Qe8+ 1-0

[Event "South Island-ch"]
[Site "Invercargill"]
[Date "2022.10.06"]
[Round "3"]
[White "Clarkson, Robert"]
[Black "Yu, Weiyang"]
[Result "0-1"]
[WhiteElo "1497"]
[BlackElo "1553"]
[PlyCount "40"]
[EventDate "2022.10.05"]
[EventType "swiss"]
[EventRounds "8"]
[EventCountry "NZL"]
[SourceTitle "EXT 2024"]
[Source "ChessBase"]
[SourceDate "2023.10.10"]
[SourceVersion "1"]
[SourceVersionDate "2023.10.10"]
[SourceQuality "1"]

1. e4 c5 2. Nf3 e6 3. Nc3 Nc6 4. d3 d5 5. exd5 exd5 6. d4 cxd4 7. Nxd4 Nf6 8. Be3 Be7 9. Bb5 Bd7 10. 0-0 0-0 11. Nxc6 bxc6 12. Be2 Qc7 13. Qd2 Bd6 14. f4 Rfe8 15. Bf3 Rxe3 16. Qxe3 Bxf4 17. Qf2 Bxh2+ 18. Kh1 Bg3 19. Qg1 Qf4 20. Ne2 Qh4+ 0-1

[Event "South Island-ch"]
[Site "Invercargill"]
[Date "2022.10.05"]
[Round "2"]
[White "Yu, Weiyang"]
[Black "Cilia Vincenti, David"]
[Result "0-1"]
[WhiteElo "1553"]
[BlackElo "1995"]
[PlyCount "54"]
[EventDate "2022.10.05"]
[EventType "swiss"]
[EventRounds "8"]
[EventCountry "NZL"]
[SourceTitle "EXT 2024"]
[Source "ChessBase"]
[SourceDate "2023.10.10"]
[SourceVersion "1"]
[SourceVersionDate "2023.10.10"]
[SourceQuality "1"]

1. e4 c6 2. d4 d5 3. e5 c5 4. dxc5 e6 5. Nf3 Bxc5 6. a3 f6 7. b4 Be7 8. Bb2 a5 9. c3 Nc6 10. exf6 Bxf6 11. b5 Nce7 12. a4 Nh6 13. Qb3 0-0 14. Nbd2 Kh8 15. c4 d4 16. Ne4 e5 17. Bd3 Ng6 18. Nxf6 Qxf6 19. Be4 Nf4 20. 0-0 Rb8 21. Ba3 Re8 22. Ra2 Bf5 23. Bxf5 Nxf5 24. Re1 e4 25. Nd2 Qg5 26. g3 Nh3+ 27. Kf1 Nxf2 0-1

[Event "Olympiad Women-44"]
[Site "Chennai"]
[Date "2022.07.31"]
[Round "3.3"]
[White "Yu, Weiyang"]
[Black "Mohammed, Celine Angelina"]
[Result "1-0"]
[WhiteElo "1504"]
[BlackElo "1100"]
[PlyCount "47"]
[EventDate "2022.07.29"]
[EventType "team-swiss"]
[EventRounds "11"]
[EventCountry "IND"]
[SourceTitle "CBM 210"]
[Source "ChessBase"]
[SourceDate "2022.10.31"]
[SourceVersion "1"]
[SourceVersionDate "2022.10.31"]
[SourceQuality "1"]
[WhiteTeam "New Zealand (W)"]
[BlackTeam "Trinidad and Tobago (W)"]
[WhiteTeamCountry "NZL"]
[BlackTeamCountry "TRI"]

1. e4 e5 2. Nf3 Nc6 3. Bb5 a6 4. Ba4 d6 5. 0-0 Nf6 6. Re1 Bd7 7. c3 b5 8. Bc2 Be7 9. d4 0-0 10. h3 Re8 11. Be3 Bf8 12. Nbd2 d5 13. Bg5 h6 14. Bxf6 Qxf6 15. exd5 Na7 16. dxe5 Qb6 17. Nb3 Rad8 18. Qd3 g6 19. Nfd4 a5 20. e6 Bc8 21. Nc6 Nxc6 22. exf7+ Kh8 23. fxe8Q Rxe8 24. Rxe8 1-0

[Event "North Island-ch"]
[Site "Auckland"]
[Date "2022.07.16"]
[Round "6"]
[White "Tanoi, Toleafoa E"]
[Black "Yu, Weiyang"]
[Result "1-0"]
[WhiteElo "1813"]
[BlackElo "1504"]
[PlyCount "91"]
[EventDate "2022.07.14"]
[EventType "swiss"]
[EventRounds "9"]
[EventCountry "NZL"]
[SourceTitle "EXT 2024"]
[Source "ChessBase"]
[SourceDate "2023.10.10"]
[SourceVersion "1"]
[SourceVersionDate "2023.10.10"]
[SourceQuality "1"]

1. e4 c5 2. Nf3 e6 3. c3 d5 4. e5 Bd7 5. d4 Qb6 6. a3 Bb5 7. Bd3 Bxd3 8. Qxd3 Nc6 9. 0-0 c4 10. Qc2 Nge7 11. Be3 h5 12. Nbd2 Na5 13. Qa4+ Nec6 14. Rab1 Qc7 15. b4 cxb3 16. c4 dxc4 17. Nxc4 Nxc4 18. Qxc4 Rc8 19. Rxb3 Qd7 20. Qa4 Be7 21. Rfb1 Rc7 22. Qb5 Nd8 23. Qd3 Nc6 24. Rd1 Na5 25. Rc3 Rxc3 26. Qxc3 Nc6 27. Qd3 0-0 28. Bg5 Rd8 29. Bxe7 Qxe7 30. Qe3 Na5 31. Rc1 Nc6 32. Rd1 Na5 33. Rc1 Nc6 34. h4 Qd7 35. Rd1 Na5 36. Rc1 Nc6 37. Rd1 Na5 38. Ng5 Nc4 39. Qe4 g6 40. Rd3 Qa4 41. Nxe6 Rd7 42. Nc5 Nd2 43. Rxd2 Qxa3 44. Rd3 Qc1+ 45. Kh2 Rc7 46. e6 1-0

[Event "NZL-ch (Women)"]
[Site "Auckland"]
[Date "2022.04.18"]
[Round "4"]
[White "Yu, Weiyang"]
[Black "Punsalan, Vyanla M"]
[Result "0-1"]
[WhiteElo "1460"]
[BlackElo "1869"]
[PlyCount "58"]
[EventDate "2022.04.17"]
[EventType "swiss"]
[EventRounds "7"]
[EventCountry "NZL"]
[SourceTitle "EXT 2024"]
[Source "ChessBase"]
[SourceDate "2023.10.10"]
[SourceVersion "1"]
[SourceVersionDate "2023.10.10"]
[SourceQuality "1"]

1. e4 c6 2. d4 d5 3. e5 Bf5 4. h4 h6 5. g4 Bh7 6. e6 Qd6 7. exf7+ Kxf7 8. Nf3 Nd7 9. Bd3 e5 10. dxe5 Nxe5 11. Bxh7 Rxh7 12. Nxe5+ Qxe5+ 13. Kf1 Nf6 14. Rh3 Bc5 15. Nd2 Re8 16. g5 Qe6 17. g6+ Kxg6 18. Rg3+ Kf7 19. Nb3 Bxf2 20. Kxf2 Ne4+ 21. Kg2 Nxg3 22. Kxg3 g5 23. Qh5+ Kg8 24. Bd2 gxh4+ 25. Kxh4 Rg7 26. Re1 Qf6+ 27. Kh3 Rxe1 28. Bxe1 Qf1+ 29. Kh4 Qh1# 0-1

[Event "NZL-ch U18 op"]
[Site "Christchurch"]
[Date "2022.01.08"]
[Round "6"]
[White "Yu, Weiyang"]
[Black "Liu, William Rui"]
[Result "1-0"]
[WhiteElo "1214"]
[BlackElo "1398"]
[PlyCount "219"]
[EventDate "2022.01.03"]
[EventType "swiss"]
[EventRounds "7"]
[EventCountry "NZL"]
[SourceTitle "EXT 2024"]
[Source "ChessBase"]
[SourceDate "2023.10.10"]
[SourceVersion "1"]
[SourceVersionDate "2023.10.10"]
[SourceQuality "1"]

1. d4 d5 2. Bf4 e6 3. e3 Nf6 4. Nf3 c5 5. c3 Nc6 6. Nbd2 cxd4 7. exd4 Be7 8. Bd3 0-0 9. 0-0 Bd7 10. Ne5 Rc8 11. Re1 Qb6 12. Re3 g6 13. Rg3 Rfd8 14. h4 Kf8 15. h5 Nxe5 16. dxe5 Nxh5 17. Qxh5 gxh5 18. Bh6+ Ke8 19. Rg8+ Bf8 20. Bxf8 Bc6 21. Bc5+ Kd7 22. Bxb6 Rxg8 23. Bxa7 Rg7 24. Bd4 Rcg8 25. Bf1 Rg4 26. Nf3 Rf4 27. Kh2 Rfg4 28. g3 Ra8 29. Be2 Ba4 30. Nh4 Rg7 31. Bxh5 Bb3 32. a3 Bc4 33. Be3 Ke7 34. Bh6 Rgg8 35. Re1 Bd3 36. Nf3 Bg6 37. Bg5+ Kd7 38. Bxg6 hxg6 39. Bf6 Rgc8 40. Kg2 Ra6 41. Re2 Rc4 42. Nd4 Rc5 43. Kf3 Rc4 44. Kg4 Rc5 45. Kg5 Ra8 46. Kh6 Rcc8 47. Nb5 g5 48. Nd6 Rg8 49. Nxf7 g4 50. Kh7 Kc6 51. Nh6 Rgc8 52. Nxg4 b5 53. Nh6 Kc5 54. g4 Ra7+ 55. Kg6 Rcc7 56. Kh5 Kc4 57. g5 Kd3 58. Re3+ Kc2 59. g6 Kxb2 60. g7 Rxg7 61. Bxg7 Rxg7 62. Ng4 Ra7 63. Kg6 Rxa3 64. Kf6 Rxc3 65. Re2+ Ka1 66. Kxe6 d4 67. Kd5 d3 68. Rd2 b4 69. Kd4 Ra3 70. Ne3 b3 71. Rxd3 Ra4+ 72. Kc3 b2 73. Rd1+ b1Q 74. Rxb1+ Kxb1 75. Nc4 Ra2 76. Nd2+ Kc1 77. Ne4 Ra4 78. Kd3 Ra3+ 79. Kd4 Kc2 80. Kd5 Ra5+ 81. Ke6 Kd3 82. Kf5 Kd4 83. f4 Ra7 84. Nd6 Kd5 85. Kf6 Kc6 86. Ke6 Rh7 87. f5 Kc7 88. f6 Kd8 89. Kf5 Rh5+ 90. Kg6 Rxe5 91. Nf7+ Ke8 92. Nxe5 Kf8 93. f7 Ke7 94. Kg7 Ke6 95. f8Q Kxe5 96. Qf6+ Kd5 97. Qe7 Kd4 98. Qe6 Kd3 99. Qg4 Ke3 100. Kf6 Kd3 101. Qf4 Kc3 102. Qe4 Kb3 103. Qd4 Ka3 104. Qb6 Ka4 105. Ke5 Ka3 106. Qb5 Ka2 107. Qb4 Ka1 108. Kd4 Ka2 109. Kc3 Ka1 110. Qb2# 1-0

[Event "NZL-ch Major op"]
[Site "Christchurch"]
[Date "2022.01.06"]
[Round "5"]
[White "Chen, Wei Kai"]
[Black "Yu, Weiyang"]
[Result "1-0"]
[WhiteElo "1744"]
[BlackElo "1214"]
[PlyCount "49"]
[EventDate "2022.01.02"]
[EventType "swiss"]
[EventRounds "9"]
[EventCountry "NZL"]
[SourceTitle "EXT 2024"]
[Source "ChessBase"]
[SourceDate "2023.10.10"]
[SourceVersion "1"]
[SourceVersionDate "2023.10.10"]
[SourceQuality "1"]

1. e4 e6 2. d4 d5 3. Nd2 Nf6 4. e5 Nfd7 5. f4 c5 6. Ngf3 Nc6 7. c3 cxd4 8. cxd4 g6 9. Bd3 Bg7 10. 0-0 0-0 11. g4 h6 12. f5 exf5 13. gxf5 g5 14. f6 Nxf6 15. exf6 Bxf6 16. Nb3 Bh3 17. Re1 Qd7 18. Kh1 Rae8 19. Rg1 Bg4 20. Qf1 Bxf3+ 21. Qxf3 Bd8 22. Nc5 Qd6 23. Nxb7 Qe6 24. Nxd8 Rxd8 25. Bxg5 1-0

[Event "NZL-ch Major op"]
[Site "Christchurch"]
[Date "2022.01.05"]
[Round "4"]
[White "Black, Ross"]
[Black "Yu, Weiyang"]
[Result "0-1"]
[WhiteElo "1669"]
[BlackElo "1214"]
[PlyCount "118"]
[EventDate "2022.01.02"]
[EventType "swiss"]
[EventRounds "9"]
[EventCountry "NZL"]
[SourceTitle "EXT 2024"]
[Source "ChessBase"]
[SourceDate "2023.10.10"]
[SourceVersion "1"]
[SourceVersionDate "2023.10.10"]
[SourceQuality "1"]

1. e4 e6 2. Nf3 d5 3. exd5 exd5 4. Be2 Bd6 5. d4 Nf6 6. Bg5 h6 7. Bh4 Bf5 8. c3 Nbd7 9. 0-0 0-0 10. Re1 c6 11. Nbd2 Qc7 12. Nf1 Rfe8 13. Bg3 Ne4 14. Bxd6 Qxd6 15. Ne3 Bh7 16. Nd2 Ndf6 17. Nxe4 Nxe4 18. Bd3 Re6 19. f3 Nf6 20. Bxh7+ Kxh7 21. Qd3+ Kg8 22. Nf5 Qd7 23. Kf2 Rae8 24. Rxe6 Rxe6 25. Re1 Rxe1 26. Kxe1 Qe6+ 27. Kf2 h5 28. Ne3 g6 29. b3 Qd6 30. g3 h4 31. c4 hxg3+ 32. hxg3 Nh5 33. Nf1 Qa3 34. Qe2 dxc4 35. bxc4 Qc3 36. d5 cxd5 37. cxd5 Qd4+ 38. Kg2 Qxd5 39. Qe8+ Kg7 40. Qa4 a5 41. Qc2 Qe5 42. Qd2 a4 43. a3 b5 44. f4 Qc5 45. Qb2+ Kg8 46. Kh2 Qc4 47. Qa1 b4 48. axb4 Qxb4 49. Kh3 Qb3 50. Kh4 a3 51. Qe5 Kh7 52. f5 Ng7 53. fxg6+ fxg6 54. g4 a2 55. Nd2 Qd1 56. Ne4 Qh1+ 57. Kg5 Qh6+ 58. Kf6 g5+ 59. Kf7 Qe6+ 0-1

[Event "NZL-ch Major op"]
[Site "Christchurch"]
[Date "2022.01.04"]
[Round "3"]
[White "Yu, Weiyang"]
[Black "Suazo, Benedict"]
[Result "0-1"]
[WhiteElo "1214"]
[BlackElo "1853"]
[PlyCount "122"]
[EventDate "2022.01.02"]
[EventType "swiss"]
[EventRounds "9"]
[EventCountry "NZL"]
[SourceTitle "EXT 2024"]
[Source "ChessBase"]
[SourceDate "2023.10.10"]
[SourceVersion "1"]
[SourceVersionDate "2023.10.10"]
[SourceQuality "1"]

1. d4 e6 2. Bf4 f5 3. e3 Nf6 4. Nf3 b6 5. Be2 d6 6. h3 Bb7 7. 0-0 Nd5 8. Bh2 Be7 9. c4 Nf6 10. Nc3 0-0 11. Qc2 Ne4 12. Nxe4 Bxe4 13. Qb3 a5 14. a4 Na6 15. Nd2 Bb7 16. Bf3 Bxf3 17. Nxf3 Nb4 18. c5 d5 19. cxb6 cxb6 20. Ne5 Rc8 21. Rac1 Bd6 22. Rc3 Bxe5 23. Bxe5 Rxc3 24. Qxc3 Rf7 25. Rc1 Rb7 26. Bd6 Nd3 27. Qxd3 Qxd6 28. Qb5 Kf7 29. Rc8 Qd7 30. Qxd7+ Rxd7 31. Kf1 Rb7 32. Rc2 Ke7 33. Ke2 Kd7 34. Kf3 g5 35. Kg3 h6 36. f3 b5 37. axb5 Rxb5 38. f4 Rb3 39. Kf3 g4+ 40. hxg4 fxg4+ 41. Kf2 Ke7 42. g3 Kf6 43. Re2 Kf5 44. Kg2 Ke4 45. Kf2 a4 46. Rc2 Rxe3 47. Rc6 Rf3+ 48. Kg2 Rb3 49. Rxe6+ Kxd4 50. Re2 Kd3 51. Rf2 Ke3 52. f5 d4 53. f6 Rb8 54. Kf1 d3 55. Rf4 Kd2 56. f7 Rf8 57. Rf2+ Kc1 58. Ke1 Rxf7 59. Rxf7 d2+ 60. Kf2 d1Q 61. Rc7+ Kxb2 0-1

[Event "North Island-ch"]
[Site "Wellington"]
[Date "2021.04.02"]
[Round "1"]
[White "Pomeroy, Arthur"]
[Black "Yu, Weiyang"]
[Result "1-0"]
[WhiteElo "1935"]
[BlackElo "1150"]
[PlyCount "89"]
[EventDate "2021.04.02"]
[EventType "swiss"]
[EventRounds "8"]
[EventCountry "NZL"]
[SourceTitle "EXT 2024"]
[Source "ChessBase"]
[SourceDate "2023.10.10"]
[SourceVersion "1"]
[SourceVersionDate "2023.10.10"]
[SourceQuality "1"]

1. e4 e6 2. d4 d5 3. Nc3 Bb4 4. e5 c5 5. a3 Bxc3+ 6. bxc3 Qa5 7. Bd2 c4 8. h4 h6 9. h5 Ne7 10. g3 Bd7 11. Rb1 b5 12. Qc1 Nbc6 13. Bh3 Qb6 14. Ne2 a5 15. 0-0 b4 16. axb4 axb4 17. Qb2 Rb8 18. cxb4 Qb5 19. c3 Ng8 20. Qc2 Nce7 21. Kh2 Qa4 22. Qc1 Qb5 23. Ra1 Nc6 24. f4 Nge7 25. g4 g6 26. Ng3 Rc8 27. Qe1 Rb8 28. Qf2 Rh7 29. f5 g5 30. fxe6 Bxe6 31. Nf5 Qb6 32. Nd6+ Kd7 33. b5 Na7 34. Ra6 Qc7 35. Rb1 Rb6 36. Bc1 Nac8 37. Qc2 Rh8 38. Qa4 Nxd6 39. Ra7 Rb7 40. b6+ Qc6 41. exd6 Qxa4 42. Rxa4 Kxd6 43. Ba3+ Kc6 44. Bc5 Re8 45. Re1 1-0

[Event "North Island-ch"]
[Site "Wellington"]
[Date "2021.04.02"]
[Round "2"]
[White "Yu, Weiyang"]
[Black "Wells, Clinton A"]
[Result "0-1"]
[WhiteElo "1150"]
[BlackElo "1843"]
[PlyCount "56"]
[EventDate "2021.04.02"]
[EventType "swiss"]
[EventRounds "8"]
[EventCountry "NZL"]
[SourceTitle "EXT 2024"]
[Source "ChessBase"]
[SourceDate "2023.10.10"]
[SourceVersion "1"]
[SourceVersionDate "2023.10.10"]
[SourceQuality "1"]

1. d4 d6 2. e4 g6 3. Nf3 Bg7 4. Bf4 Nd7 5. Nbd2 Ngf6 6. g3 b6 7. Bg2 Bb7 8. d5 Nc5 9. Qe2 e5 10. Bg5 a5 11. Qb5+ Ncd7 12. Bh3 0-0 13. Bxd7 Qxd7 14. Qxd7 Nxd7 15. 0-0 f5 16. c4 fxe4 17. Ne1 Nc5 18. Nc2 a4 19. Be3 Rab8 20. Bxc5 bxc5 21. Nxe4 Bc8 22. Rab1 Bg4 23. Nc3 Bf5 24. Rbc1 Rxb2 25. Na3 e4 26. Nab5 Bxc3 27. Nxc3 Bh3 28. Rfe1 Rfxf2 0-1